01709cam a22003734i 4500003000900000005001700009008004100026020001500067020001800082035002000100040001300120082001700133245004900150264006700199300003500266336002100301337002500322338002300347505078500370526001001155526001001165526001001175526001001185526000801195526000801203526000801211526000801219526000801227526000801235526000801243650001501251700003401266700003501300PE-LiUPU20250731172907.0170127s2013 txt r b 001 0 spa d a0802872727 a9780802872722 a(Sirsi) a166608 aPE-LiUPU04a230bT4722312aSystematic theology c Anthony C. Thiselton. aGrand Rapids, Michigan ǂb Eerdmans Publishing Company c2015. a453 páginas;c25 centimetros atext2rdacontent aunmediated2rdamedia avolume2rdacarrier04aIn this concise, one-volume systematic theology, celebrated scholar Anthony Thiselton covers the various Christian doctrines comprehensively with an eye to practical application for Christian discipleship. Written with students and busy ministers in mind, the book is readable and accessible, with its chapters organized into five fairly equal sections for teaching and learning convenience. Rather than setting out an abstract system, Thiselton explores theology as a living, organic whole. The book thus includes biblical foundations, historical thought, contemporary writers, and practical implications. Expertly incorporating biblical exegesis, philosophy, conceptual grammar, and hermeneutics, this volume is the most succinct multidisciplinary systematic theology available. aSEG42 aSEG41 aSEG40 aSEG39 aP94 aP87 aP86 aP85 aP77 aP76 aP3504aVocación04aKathleen A. Cahalan eeditor.1 aDouglas J. Schuurman eeditor.